=LDR 00000nam 2200000 4500 =001 INLIS000000000050029 =005 20200213075645 =035 ##$$a 0010-041700000000219 =008 200213################g##########0#ind## =020 ##$$a 979-17092-8-9 =040 ##$$a NBPDMAT =082 ##$$a 133.5 =090 ##$$a 133.5 Tri a =100 ##$$a Trionggo. Mama Ira =245 1#$$a Astrologi cina : $b Membaca peruntungan anda dengan horoskop Cina /$c Mama Ira Trionggo =260 ##$$a Yogyakarta :$b Bookmarks,$c 2015 =300 ##$$a viii, 242 hlm. : $b ilus. ; $c 15,5x23 cm. =650 #4$$a Astrologi =850 ##$$a NBPDMAT =084 ##$$a 133.5 TRI a =990 ##$$a 31701081 =990 ##$$a 31701082